| 000 | 00541nam a2200169Ia 4500 | ||
|---|---|---|---|
| 008 | 090201s9999 xx 000 0 und d | ||
| 010 | _aKPL-28288 | ||
| 040 | _bमराठी | ||
| 041 | _aमराठी | ||
| 082 |
_a29503 _b28288 |
||
| 100 | _a विवेकानंद | ||
| 245 |
_aउत्तीष्ठत जाग्रत _c विवेकानंद |
||
| 260 |
_c2004 _bएकनाथ रानडे |
||
| 300 |
_a217 _bमोठा |
||
| 600 | _aउत्तीष्ठत जाग्रत | ||
| 942 | _cBOOK | ||
| 999 |
_c228115 _d228115 |
||